MARC

LEADER 00000nas a2200000 a 4500
001 ssj0012678
003 WaSeSS
005 20200512172242.0
006 m d
007 cr n
008 950616d19952015wiuqr p s 0 a0eng c
010 |a  96659133  
016 7 |a 008556878  |2 Uk 
022 |l 1089-5701  |y 1089-5701 
030 |a RCYOFU 
035 |a (WaSeSS)ssj0012678 
040 |a TJC  |b eng  |c TJC  |d CAS  |d DLC  |d NSD  |d GUA  |d OCLCQ  |d DLC  |d OCLCQ  |d CTB  |d UKMGB  |d OCLCQ  |d OCLCF  |d OCLCO  |d GUA  |d GILDS  |d OCLCO  |d OCLCQ  |d U3G  |d LVT  |d WaSeSS 
042 |a pcc  |a nsdp 
043 |a n-us--- 
050 0 0 |a HV741  |b .A16 
082 0 0 |a 362.7/4/097305  |2 20 
222 0 |a Reclaiming children and youth 
245 0 0 |a Reclaiming children and youth  |h [electronic resource] :  |b journal of emotional and behavioral problems. 
246 3 0 |a Journal of emotional and behavioral problems 
246 1 3 |a RCY 
260 |a Bloomington, IN :  |b National Educational Service,  |c ©1993 [i.e. 1995]- 
310 |a Quarterly 
362 0 |a Vol. 4, issue 1 (spring 1995)-v. 24, issue 2 (summer 2015). 
500 |a Title from cover. 
500 |a Subtitle varies. 
500 |a Published: Brookfield, WI : Compassion Pub., <2005-> 
506 |a License restrictions may limit access. 
650 0 |a Problem children  |z United States  |v Periodicals. 
650 0 |a Problem youth  |z United States  |v Periodicals. 
650 0 |a Social work with children  |z United States  |v Periodicals. 
650 0 |a Social work with youth  |z United States  |v Periodicals. 
650 7 |a Problem children.  |2 fast  |0 (OCoLC)fst01077832 
650 7 |a Problem youth.  |2 fast  |0 (OCoLC)fst01077938 
650 7 |a Social work with children.  |2 fast  |0 (OCoLC)fst01123490 
650 7 |a Social work with youth.  |2 fast  |0 (OCoLC)fst01123565 
651 7 |a United States.  |2 fast  |0 (OCoLC)fst01204155 
655 0 |a Electronic journals. 
710 2 |a National Educational Service (U.S.) 
780 0 0 |t Journal of emotional and behavioral problems  |x 1064-7023  |w (DLC) 94659002  |w (OCoLC)26461243 
850 |a DLC  |a GU 
853 2 0 |8 1  |a v.  |b issue  |u 4  |v r  |i (year)  |j (season)  |w q  |x 21  |y ps24,21,22,23 
856 4 0 |z Full text available from Research Library: 04/01/1998 to 07/31/2015  |u https://search.proquest.com/publication/33810 
863 4 1 |8 1.1  |a <10>  |b <1>  |i <2001>  |j <21>